Weaponeering : (Record no. 60455)
[ view plain ]
| 000 -LEADER | |
|---|---|
| fixed length control field | 01330cam a22003254a 4500 |
| 001 - CONTROL NUMBER | |
| control field | 13543694 |
| 003 - CONTROL NUMBER IDENTIFIER | |
| control field | NUST-PNEC |
| 005 - DATE AND TIME OF LATEST TRANSACTION | |
| control field | 20170116180658.0 |
| 008 - FIXED-LENGTH DATA ELEMENTS--GENERAL INFORMATION | |
| fixed length control field | 040331s2004 vaua b 001 0 eng |
| 010 ## - LIBRARY OF CONGRESS CONTROL NUMBER | |
| LC control number | 2004007429 |
| 020 ## - INTERNATIONAL STANDARD BOOK NUMBER | |
| International Standard Book Number | 1563476657 |
| 040 ## - CATALOGING SOURCE | |
| Original cataloging agency | DLC |
| Transcribing agency | PNEC |
| Modifying agency | DLC |
| 042 ## - AUTHENTICATION CODE | |
| Authentication code | pcc |
| 043 ## - GEOGRAPHIC AREA CODE | |
| Geographic area code | n-us--- |
| 050 00 - LIBRARY OF CONGRESS CALL NUMBER | |
| Classification number | UF503 |
| Item number | .D75 2004 |
| 082 00 - DEWEY DECIMAL CLASSIFICATION NUMBER | |
| Classification number | 355.8 DRI |
| 100 1# - MAIN ENTRY--PERSONAL NAME | |
| Personal name | Driels, Morris R. |
| 245 10 - TITLE STATEMENT | |
| Title | Weaponeering : |
| Remainder of title | conventional weapon system effectiveness / |
| Statement of responsibility, etc. | Morris Driels. |
| 260 ## - PUBLICATION, DISTRIBUTION, ETC. | |
| Place of publication, distribution, etc. | Reston, Va. : |
| Name of publisher, distributor, etc. | American Institute of Aeronautics and Astronautics, Inc., |
| Date of publication, distribution, etc. | c2004. |
| 300 ## - PHYSICAL DESCRIPTION | |
| Extent | xxix, 475 p. : |
| Other physical details | ill. ; |
| Dimensions | 24 cm. |
| 440 #0 - SERIES STATEMENT/ADDED ENTRY--TITLE | |
| Title | AIAA education series |
| 500 ## - GENERAL NOTE | |
| General note | Includes Index http://www.amazon.com/Weaponeering-AIAA-Education-M-Driels/dp/1563476657/ref=sr_1_1?s=books&ie=UTF8&qid=1409990270&sr=1-1&keywords=1563476657 |
| 504 ## - BIBLIOGRAPHY, ETC. NOTE | |
| Bibliography, etc. note | Includes bibliographical references and index. |
| 650 ## - SUBJECT ADDED ENTRY--TOPICAL TERM | |
| General subdivision | WE, MIS |
| 651 #0 - SUBJECT ADDED ENTRY--GEOGRAPHIC NAME | |
| Geographic name | United States |
| General subdivision | Armed Forces |
| -- | Weapons systems |
| -- | Evaluation. |
| 856 41 - ELECTRONIC LOCATION AND ACCESS | |
| Materials specified | Table of contents |
| Uniform Resource Identifier | <a href="http://www.loc.gov/catdir/toc/ecip0416/2004007429.html">http://www.loc.gov/catdir/toc/ecip0416/2004007429.html</a> |
| 906 ## - LOCAL DATA ELEMENT F, LDF (RLIN) | |
| a | 7 |
| b | cbc |
| c | orignew |
| d | 1 |
| e | ecip |
| f | 20 |
| g | y-gencatlg |
| 942 ## - ADDED ENTRY ELEMENTS (KOHA) | |
| Source of classification or shelving scheme | |
| Koha item type | Book |
| Withdrawn status | Lost status | Source of classification or shelving scheme | Damaged status | Not for loan | Permanent Location | Current Location | Date acquired | Source of acquisition | Cost, normal purchase price | Total Checkouts | Full call number | Barcode | Date last seen | Cost, replacement price | Price effective from | Koha item type |
|---|---|---|---|---|---|---|---|---|---|---|---|---|---|---|---|---|
| Pakistan Navy Engineering College (PNEC) | Pakistan Navy Engineering College (PNEC) | 03/10/2008 | Pak Book Company | 7631.00 | 355.8 DRI | PNECLIB-028554 | 09/06/2014 | 7631.00 | 03/10/2008 | Book | ||||||
| Pakistan Navy Engineering College (PNEC) | Pakistan Navy Engineering College (PNEC) | 07/18/2005 | Progressive International Agency | 7081.00 | 355.8 DRI | PNECLIB-027445 | 09/12/2014 | 7081.00 | 07/18/2005 | Book |
